| 000 | 00356 a2200169 4500 | ||
|---|---|---|---|
| 001 | 183444 | ||
| 020 | _a85-356-0616-5 | ||
| 040 | _cMagnum | ||
| 100 | _aShuravel, May | ||
| 240 | 1 | 0 |
_aA mentira da barata _lpor |
| 245 | 1 | 0 | _aA mentira da barata |
| 300 | _a22 | ||
| 362 | 0 | _a2001 | |
| 440 | 1 | _aPaulinas | |
| 697 | _aLITERATURA INFANTIL | ||
| 942 | _cBK | ||
| 999 |
_c183444 _d183444 |
||